Espiral de luz: tiempo y amor en piedra de sol de Octavio Paz
Guardat en:
| Autor principal: | |
|---|---|
| Format: | Llibre |
| Idioma: | espanyol |
| Publicat: |
Ciudad de México
Consejo Nacional para la Cultura y las Artes
2003
|
| Edició: | 1a. ed |
| Col·lecció: | Fondo Tierra Adentro, 260
|
| Matèries: | |
| Etiquetes: |
Afegir etiqueta
Sense etiquetes, Sigues el primer a etiquetar aquest registre!
|
MARC
| LEADER | 00000nam a2200000 a 4500 | ||
|---|---|---|---|
| 001 | UCI7500 | ||
| 003 | CL-VaPUC | ||
| 005 | 20230329135550.0 | ||
| 008 | 080703e20030000MX |||||||||||||||||spa|d | ||
| 999 | |c 330757 |d 330755 | ||
| 020 | |a 9703500161 | ||
| 040 | |c Pontificia Universidad Católica de Valparaíso | ||
| 082 | 0 | 4 | |a Me864 |b SAL |2 21 |
| 100 | 0 | |a Salgado, Dante |e author |9 530753 | |
| 245 | 1 | 0 | |a Espiral de luz: tiempo y amor en piedra de sol de Octavio Paz |
| 250 | |a 1a. ed | ||
| 260 | |a Ciudad de México |b Consejo Nacional para la Cultura y las Artes |c 2003 | ||
| 300 | |a 180 p | ||
| 490 | 0 | |a Fondo Tierra Adentro, 260 | |
| 583 | |a last modification |c 20080703 00:00:00 |k Rodrigo Vera | ||
| 600 | |a Paz, Octavio |d 1914-1998 |x Crítica e interpretación |9 881027 | ||
| 650 | 0 | |a Literatura mexicana |9 313097 | |
| 942 | |c BK |2 ddc | ||
| 945 | |d 20080703 00:00:00 |a jtorresc | ||
| 952 | |0 0 |1 0 |4 0 |6 ME_864_000000000000000_SAL_2003 |7 0 |8 A |9 416518 |a BIBEDU |b BIBEDU |d 2019-11-22 |i 4454790 |l 1 |o Me864 SAL 2003 |p 4454790 |r 2024-05-10 |s 2024-05-10 |w 2019-11-22 |y BK |k LIT | ||